000 00643nam a2200229Ia 4500
003 OSt
005 20220925223822.0
006 a|||||r|||| 00| 0
007 ta
008 220923b |||||||| |||| 00| 0 eng d
020 _a9781138886759
037 _cGeneral Book
040 _aRTL
_cRTL
_beng
041 _2eng
_aeng
082 _aY:1.243, Q5
100 _aROY Anjali Gera
_931905
245 0 _aImagining Punjab, Punjabi and Punjabiat in the transnational era
260 _aLondon
_bRoutledge
_c2105
300 _ax,105p
_ccm.
942 _hY:1.243, Q5
_cGB
_2CC
999 _c580472
_d580472